| 000 | 00738nam a2200181 i 4500 | ||
|---|---|---|---|
| 001 | 121721 | ||
| 003 | ES-MaACL | ||
| 005 | 20230906191817.0 | ||
| 007 | t| | ||
| 008 | 070214s1908 ja r ||||1| jpn d | ||
| 245 | 0 | 0 | _a[Taiwan shashin-cho]. |
| 260 |
_a[Taipei] : _bTaiwan Sôtokufu Kanbô Bunshoka, _c1908, Meiji 41. |
||
| 300 |
_a100 p., [101] h.. de lám. 3 h. pleg : _bil. ; _c26 cm. |
||
| 500 | _aTexto en japonés, con algunos epígrafes traducidos al inglés. | ||
| 500 | _aTraducción aproximada: Cuaderno/Libro de fotografías sobre Taiwan / Archivo de la Oficina Administrativa (Secretaría) del Gobernador General en Taiwan. | ||
| 651 | 4 |
_aTaiwan- _xDescripción. _9154858 |
|
| 852 |
_aES-MaACL _jG-24 _z.- Encuad. editorial |
||
| 999 |
_c121721 _d121721 |
||